000 00294nam a2200157Ia 4500
100 _aWall/Larry
250 _a3
942 _cBK
654 _aperl
245 _aProgramming Perl
260 _bOreilly
_c2000
082 _a5.133
_bWAL
300 _a1067
546 _aENGLISH
999 _c26919
_d26919